00931nam a2200253 i 4500001001000000003000900010005001700019007000300036008004100039040003000080041000800110082002300118100003100141245008100172264013500253300003200388336002700420337003300447338002800480490002300508650005500531700003500586710005600621000010709DO-SdBNP20251120073732.0ta091009s1979 dr 000 0 spa d aDO-SdBNPbspacBNPHUerda aspa 4a511.322bL961i2220 aLuna, Eduardoeautor4aut.10aIntroducción a la teoría de conjuntos /cEduardo Luna, Amarilis Sagredo. aSantiago de los Caballeros, República Dominicana :bDepartamento de Publicaciones Universidad Católica Madre y Maestra,c1979. a81, [5] páginas ;c23 cm. atextobtxt2rdacontent asin mediaciónbn2rdamedia avolumenbnc2rdacarrier aColección textos 4aTeoría de conjuntosxProblemas, ejercicios, etc.1 aSagredo, Amariliseautor4aut.2 aPontificia Universidad Católica Madre y Maestra